[Event "CZE-chT2B 2223"]
[Site "Czech Republic"]
[Date "2023.01.08"]
[Round "6.5"]
[White "Trejbal, Stanislav"]
[Black "Lorencova, Vera"]
[Result "1-0"]
[WhiteElo "2041"]
[BlackElo "1873"]
[PlyCount "81"]
[EventDate "2022.10.16"]
[EventType "team-tourn"]
[EventRounds "11"]
[EventCountry "CZE"]
[SourceTitle "EXT 2024"]
[Source "ChessBase"]
[SourceDate "2023.10.10"]
[SourceVersion "1"]
[SourceVersionDate "2023.10.10"]
[SourceQuality "1"]
[WhiteTeam "Litomerice III"]
[BlackTeam "Karlovy Vary"]
[WhiteTeamCountry "CZE"]
[BlackTeamCountry "CZE"]

1. e4 d5 2. e5 c5 3. f4 Nc6 4. Nf3 Nh6 5. d3 e6 6. Be3 Qb6 7. Qc1 Ng4 8. Bf2 Bd7 9. c3 d4 10. Nbd2 h5 11. g3 Rc8 12. h3 Ne7 13. c4 Qa5 14. Ke2 Bc6 15. Bg2 Rd8 16. Rd1 Ne3 17. Bxe3 dxe3 18. Nb3 Qb6 19. Kxe3 Rh6 20. g4 Rg6 21. g5 Nf5+ 22. Kf2 f6 23. h4 Bxf3 24. Bxf3 Nxh4 25. Bxh5 Be7 26. Qe3 fxg5 27. Qe4 Kf7 28. Bxg6+ Nxg6 29. fxg5 Rh8 30. Rg1 Rh4 31. Rg4 Rxg4 32. Qxg4 Qc7 33. Re1 Kg8 34. Qe4 Kf7 35. Kg3 Qd8 36. Rf1+ Kg8 37. Qxg6 Bxg5 38. Kg4 Be3 39. Qxe6+ Kh7 40. Qf5+ Kg8 41. Re1 1-0

[Event "WchT Seniors 50"]
[Site "Prague"]
[Date "2020.03.09"]
[Round "4.13"]
[White "Trejbal, Stanislav"]
[Black "Paldus, Petr"]
[Result "0-1"]
[WhiteElo "2092"]
[BlackElo "2008"]
[PlyCount "112"]
[EventDate "2020.03.06"]
[EventType "team-swiss"]
[EventRounds "7"]
[EventCountry "CZE"]
[SourceTitle "CBM 195 Extra"]
[Source "ChessBase"]
[SourceDate "2020.05.31"]
[SourceVersion "1"]
[SourceVersionDate "2020.05.31"]
[SourceQuality "1"]
[WhiteTeam "Czech Republic 50 V"]
[BlackTeam "Czech Republic 50 IX"]
[WhiteTeamCountry "CZE"]
[BlackTeamCountry "CZE"]

1. e4 d6 2. d4 Nf6 3. Bd3 g6 4. c3 Bg7 5. f4 c5 6. d5 e6 7. dxe6 Bxe6 8. Nf3 Nc6 9. 0-0 d5 10. e5 Ne4 11. Bxe4 dxe4 12. Ng5 Bf5 13. Qe2 Qd3 14. Re1 Rd8 15. Nd2 Bh6 16. h4 Bxg5 17. hxg5 h6 18. gxh6 Rxh6 19. Nf1 Qxe2 20. Rxe2 Rd1 21. Rd2 Re1 22. Kf2 e3+ 23. Kxe1 exd2+ 24. Bxd2 Rh1 25. Kf2 Bd3 26. Re1 Bxf1 27. Rxf1 Rxf1+ 28. Kxf1 g5 29. f5 g4 30. Bf4 Ne7 31. e6 Nxf5 32. exf7+ Kxf7 33. Ke2 c4 34. Be3 a6 35. Bb6 Ke6 36. b3 Kd5 37. Kf2 Kc6 38. Ba7 b5 39. Ke2 Kd5 40. Bb6 Ke4 41. Ba7 Ne7 42. Bb8 Nd5 43. Kd2 Ne3 44. g3 Kf3 45. Kc1 Nf5 46. Kb2 Nxg3 47. Ka3 cxb3 48. axb3 Ne2 49. Kb4 Nf4 50. Ka5 g3 51. Kxa6 g2 52. Ba7 Nd5 53. Kxb5 Ne3 54. c4 g1Q 55. c5 Qf1+ 56. Ka5 Nd5 0-1

[Event "CZE-chT2B 1920"]
[Site "Czech Republic"]
[Date "2019.12.15"]
[Round "5.6"]
[White "Trejbal, Stanislav"]
[Black "Bicek, Richard"]
[Result "1/2-1/2"]
[WhiteElo "2130"]
[BlackElo "2134"]
[PlyCount "35"]
[EventDate "2019.10.13"]
[EventType "team-tourn"]
[EventRounds "11"]
[EventCountry "CZE"]
[SourceTitle "EXT 2024"]
[Source "ChessBase"]
[SourceDate "2023.10.10"]
[SourceVersion "1"]
[SourceVersionDate "2023.10.10"]
[SourceQuality "1"]
[WhiteTeam "Litomerice"]
[BlackTeam "Karlovy Vary Tietz"]
[WhiteTeamCountry "CZE"]
[BlackTeamCountry "CZE"]

1. e4 c6 2. d4 d5 3. e5 Bf5 4. Bd3 Bxd3 5. Qxd3 Qa5+ 6. c3 Qa6 7. Qxa6 Nxa6 8. Ne2 e6 9. a3 Ne7 10. 0-0 h5 11. Bg5 Nf5 12. Ng3 Nxg3 13. fxg3 Be7 14. Bxe7 Kxe7 15. Nd2 c5 16. Rac1 cxd4 17. cxd4 Rac8 18. Nb3 1/2-1/2

[Event "CZE-chT2B 1819"]
[Site "Czech Republic"]
[Date "2018.11.18"]
[Round "3.5"]
[White "Hlavacek, Tomas"]
[Black "Trejbal, Stanislav"]
[Result "1-0"]
[WhiteElo "2044"]
[BlackElo "2136"]
[PlyCount "85"]
[EventDate "2018.10.14"]
[EventType "team-tourn"]
[EventRounds "11"]
[EventCountry "CZE"]
[SourceTitle "EXT 2022"]
[Source "ChessBase"]
[SourceDate "2021.10.06"]
[SourceVersion "1"]
[SourceVersionDate "2021.10.06"]
[SourceQuality "1"]
[WhiteTeam "Karlovy Vary Tietz II"]
[BlackTeam "Litomerice"]
[WhiteTeamCountry "CZE"]
[BlackTeamCountry "CZE"]

1. Nf3 Nf6 2. d4 e6 3. e3 b6 4. c4 Bb7 5. Be2 g6 6. 0-0 Bg7 7. Nc3 0-0 8. Qc2 d6 9. b3 Qe7 10. Bb2 a5 11. Rfd1 Na6 12. a3 Nd7 13. Ne1 e5 14. dxe5 Bxe5 15. Bf3 Bxf3 16. Nxf3 Bg7 17. Nd5 Qe8 18. Bxg7 Kxg7 19. Qb2+ f6 20. b4 Rc8 21. bxa5 bxa5 22. Qc3 a4 23. Rab1 Nac5 24. Nd4 Ne5 25. Nb5 Qd7 26. f4 Ng4 27. h3 Ne4 28. Qc2 Ngf2 29. Rf1 c6 30. Nb6 Qd8 31. Nd4 Re8 32. Nxc8 Nxh3+ 33. gxh3 Qxc8 34. Kh2 h5 35. Rb2 Re7 36. Rg1 c5 37. Nf3 Qc6 38. Qg2 g5 39. fxg5 f5 40. Nh4 Qd7 41. Qf3 Rf7 42. Qxh5 d5 43. Qh6+ 1-0

[Event "CZE-chT2B 1718"]
[Site "Czech Republic"]
[Date "2017.12.03"]
[Round "4.5"]
[White "Trejbal, Stanislav"]
[Black "Vanek, Tomas"]
[Result "0-1"]
[WhiteElo "2147"]
[BlackElo "2147"]
[PlyCount "148"]
[EventDate "2017.10.15"]
[EventType "team-tourn"]
[EventRounds "11"]
[EventCountry "CZE"]
[SourceTitle "EXT 2022"]
[Source "ChessBase"]
[SourceDate "2021.10.06"]
[SourceVersion "1"]
[SourceVersionDate "2021.10.06"]
[SourceQuality "1"]
[WhiteTeam "Litomerice"]
[BlackTeam "Teplice"]
[WhiteTeamCountry "CZE"]
[BlackTeamCountry "CZE"]

1. e4 d6 2. d4 g6 3. c4 Bg7 4. Nc3 Nc6 5. Be3 e5 6. Nge2 f5 7. exf5 exd4 8. Nxd4 Nxd4 9. Bxd4 Qe7+ 10. Be2 Nf6 11. 0-0 gxf5 12. Bf3 0-0 13. Re1 Qd7 14. Qd2 Ng4 15. Qg5 Kh8 16. Bxg7+ Qxg7 17. Qxg7+ Kxg7 18. Bxg4 fxg4 19. Re7+ Rf7 20. Rae1 Bf5 21. Nb5 Rc8 22. Nd4 Bd7 23. f4 gxf3 24. Nxf3 h6 25. Nd4 c5 26. Nf3 Bc6 27. Kf2 Rcf8 28. R1e6 Rxe7 29. Rxe7+ Rf7 30. Rxf7+ Kxf7 31. Ke3 Kf6 32. Kf4 b5 33. b3 bxc4 34. bxc4 a5 35. g4 Ba4 36. h4 Bc2 37. g5+ hxg5+ 38. hxg5+ Ke6 39. Nh4 Bd3 40. a3 a4 41. g6 Kf6 42. g7 Kxg7 43. Ke3 Bh7 44. Ng2 Kf6 45. Nf4 Bg8 46. Kd3 Kf5 47. Ne2 Ke5 48. Nc3 Bh7+ 49. Ke3 Bc2 50. Nd5 Be4 51. Nc3 Bc6 52. Nd1 Bd7 53. Nc3 Be8 54. Kd3 Kf4 55. Nd5+ Kf3 56. Nb6 Kf4 57. Nd5+ Ke5 58. Nc3 Bg6+ 59. Ke3 Bf7 60. Kd3 Be8 61. Ke3 Bd7 62. Nd1 Bh3 63. Nc3 Bf1 64. Nxa4 Bxc4 65. Nb2 Ba6 66. Nd1 d5 67. Nb2 c4 68. Nd1 d4+ 69. Kd2 Kf4 70. Kc2 Bb5 71. Kd2 Kf3 72. Kc1 Ke2 73. Nb2 c3 74. Nd1 Ba4 0-1

[Event "CZE-chT2B 1617"]
[Site "Czech Republic"]
[Date "2016.10.30"]
[Round "2.4"]
[White "Trejbal, Stanislav"]
[Black "Krutsky, Martin"]
[Result "1/2-1/2"]
[WhiteElo "2148"]
[BlackElo "2046"]
[PlyCount "47"]
[EventDate "2016.10.09"]
[EventType "team-tourn"]
[EventRounds "11"]
[EventCountry "CZE"]
[SourceTitle "EXT 2022"]
[Source "ChessBase"]
[SourceDate "2021.10.06"]
[SourceVersion "1"]
[SourceVersionDate "2021.10.06"]
[SourceQuality "1"]
[WhiteTeam "Litomerice"]
[BlackTeam "Teplice"]
[WhiteTeamCountry "CZE"]
[BlackTeamCountry "CZE"]

1. e4 c5 2. c4 Nc6 3. f4 g6 4. Nf3 Bg7 5. g3 d6 6. h3 e6 7. Bg2 Nge7 8. 0-0 0-0 9. d3 a6 10. Nc3 Rb8 11. Kh2 b5 12. cxb5 axb5 13. Ne2 d5 14. e5 Qb6 15. Be3 Nf5 16. Bf2 Bd7 17. Qd2 Rfc8 18. g4 Nfd4 19. Rfc1 b4 20. Nfxd4 Nxd4 21. Bxd4 cxd4 22. Rxc8+ Rxc8 23. b3 Bf8 24. g5 1/2-1/2

[Event "CZE-chT2B 1516"]
[Site "Czech Republic"]
[Date "2016.03.13"]
[Round "9.3"]
[White "Trejbal, Stanislav"]
[Black "Kucera, Petr"]
[Result "1/2-1/2"]
[WhiteElo "2132"]
[BlackElo "2262"]
[PlyCount "21"]
[EventDate "2015.10.18"]
[EventType "team-tourn"]
[EventRounds "11"]
[EventCountry "CZE"]
[SourceTitle "EXT 2022"]
[Source "ChessBase"]
[SourceDate "2021.10.06"]
[SourceVersion "1"]
[SourceVersionDate "2021.10.06"]
[SourceQuality "1"]
[WhiteTeam "Litomerice"]
[BlackTeam "Turnov Zikuda II"]
[WhiteTeamCountry "CZE"]
[BlackTeamCountry "CZE"]

1. e4 e6 2. d4 d5 3. exd5 exd5 4. Bd3 Nc6 5. c3 Bd6 6. Nd2 Nge7 7. Qc2 Bg4 8. Ne2 Qd7 9. Nf1 Bh5 10. Nfg3 Bg6 11. Bf4 1/2-1/2

[Event "CZE-chT2B 1516"]
[Site "Czech Republic"]
[Date "2016.01.10"]
[Round "5.4"]
[White "Cakl, Zdenek"]
[Black "Trejbal, Stanislav"]
[Result "1-0"]
[WhiteElo "2100"]
[BlackElo "2132"]
[PlyCount "78"]
[EventDate "2015.10.18"]
[EventType "team-tourn"]
[EventRounds "11"]
[EventCountry "CZE"]
[SourceTitle "EXT 2022"]
[Source "ChessBase"]
[SourceDate "2021.10.06"]
[SourceVersion "1"]
[SourceVersionDate "2021.10.06"]
[SourceQuality "1"]
[WhiteTeam "Turnov Zikuda III"]
[BlackTeam "Litomerice"]
[WhiteTeamCountry "CZE"]
[BlackTeamCountry "CZE"]

1. Nf3 Nf6 2. b3 d5 3. Bb2 g6 4. c4 c6 5. e3 Bg7 6. Be2 0-0 7. 0-0 a5 8. a3 Na6 9. Nc3 Ne4 10. Qc2 f5 11. d3 Nf6 12. Rfd1 Qc7 13. d4 e6 14. Ne5 Bd7 15. Rac1 Rfc8 16. f3 Bh6 17. Qd3 Qd8 18. Rf1 Be8 19. Rce1 Nd7 20. Nxd7 Qxd7 21. Na4 Qc7 22. c5 Rd8 23. Nb6 Ra7 24. e4 Bf4 25. e5 Nb8 26. Bc1 Bxc1 27. Rxc1 Nd7 28. Na4 Rda8 29. Qc3 Kg7 30. g4 h6 31. Kh1 Bf7 32. Rg1 Re8 33. Bd3 Kh7 34. Rg3 Qd8 35. Rcg1 fxg4 36. Rxg4 Rg8 37. h4 Qe7 38. R1g2 Nf8 39. Nb6 Kg7 1-0

[Event "CZE-chT2B 1415"]
[Site "Czech Republic"]
[Date "2015.04.19"]
[Round "11.3"]
[White "Hrbolka, Ladislav"]
[Black "Trejbal, Stanislav"]
[Result "1/2-1/2"]
[WhiteElo "2066"]
[BlackElo "2082"]
[PlyCount "29"]
[EventDate "2014.11.02"]
[EventType "team-tourn"]
[EventRounds "11"]
[EventCountry "CZE"]
[SourceTitle "EXT 2022"]
[Source "ChessBase"]
[SourceDate "2021.10.06"]
[SourceVersion "1"]
[SourceVersionDate "2021.10.06"]
[SourceQuality "1"]
[WhiteTeam "Most Chess"]
[BlackTeam "Litomerice"]
[WhiteTeamCountry "CZE"]
[BlackTeamCountry "CZE"]

1. Nf3 Nf6 2. d4 e6 3. g3 b6 4. Bg2 Bb7 5. 0-0 d5 6. b3 Bd6 7. Bb2 0-0 8. Nbd2 Nbd7 9. c4 c6 10. Rc1 Qe7 11. Qc2 Rac8 12. e4 dxe4 13. Nxe4 Nxe4 14. Qxe4 Nf6 15. Qb1 1/2-1/2

[Event "CZE-chT2B 1415"]
[Site "Czech Republic"]
[Date "2014.12.14"]
[Round "4.4"]
[White "Kucera, Jaroslav"]
[Black "Trejbal, Stanislav"]
[Result "0-1"]
[WhiteElo "1929"]
[BlackElo "2082"]
[PlyCount "122"]
[EventDate "2014.11.02"]
[EventType "team-tourn"]
[EventRounds "11"]
[EventCountry "CZE"]
[SourceTitle "EXT 2022"]
[Source "ChessBase"]
[SourceDate "2021.10.06"]
[SourceVersion "1"]
[SourceVersionDate "2021.10.06"]
[SourceQuality "1"]
[WhiteTeam "Liberec Lokomotiva"]
[BlackTeam "Litomerice"]
[WhiteTeamCountry "CZE"]
[BlackTeamCountry "CZE"]

1. e4 e6 2. d4 d5 3. e5 c5 4. c3 Nc6 5. Nf3 Qb6 6. a3 a5 7. Bd3 Bd7 8. Bc2 Qa6 9. Bd3 Qb6 10. Bc2 g6 11. 0-0 Nh6 12. dxc5 Qxc5 13. b4 Qb6 14. Bb2 Bg7 15. c4 dxc4 16. Nbd2 0-0 17. Nxc4 Qc7 18. bxa5 Nxa5 19. Nd6 Bc6 20. Rc1 Qe7 21. Qe2 Nf5 22. Rfd1 Rfd8 23. Ne4 Bh6 24. Rxd8+ Rxd8 25. Nf6+ Kh8 26. Rd1 Bf8 27. Ng5 Rxd1+ 28. Bxd1 h6 29. Nge4 Qd8 30. Nd6 Nxd6 31. exd6 Bg7 32. Ng4 Qxd6 33. Bxg7+ Kxg7 34. Qb2+ Kf8 35. Be2 h5 36. Qh8+ Ke7 37. Qf6+ Ke8 38. Ne5 Qe7 39. Qh8+ Qf8 40. Qf6 Qe7 41. Qh8+ Qf8 42. Qf6 Nb3 43. Qf4 Qxa3 44. Qxf7+ Kd8 45. Nxc6+ bxc6 46. h3 Qa1+ 47. Bf1 Nd4 48. Qf6+ Kd7 49. Kh2 Qb2 50. Bd3 g5 51. Qg7+ Kd6 52. Qxg5 Qxf2 53. Qg3+ Qxg3+ 54. Kxg3 Nf5+ 55. Kf4 h4 56. Ke4 Ng3+ 57. Kd4 e5+ 58. Ke3 Kd5 59. Ba6 Nf5+ 60. Kd3 e4+ 61. Kd2 Kd4 0-1

[Event "CZE-chT2B 1415"]
[Site "Czech Republic"]
[Date "2014.11.30"]
[Round "3.5"]
[White "Hajny, Miloslav"]
[Black "Trejbal, Stanislav"]
[Result "1/2-1/2"]
[WhiteElo "2047"]
[BlackElo "2082"]
[PlyCount "115"]
[EventDate "2014.11.02"]
[EventType "team-tourn"]
[EventRounds "11"]
[EventCountry "CZE"]
[SourceTitle "EXT 2022"]
[Source "ChessBase"]
[SourceDate "2021.10.06"]
[SourceVersion "1"]
[SourceVersionDate "2021.10.06"]
[SourceQuality "1"]
[WhiteTeam "Mlada Boleslav"]
[BlackTeam "Litomerice"]
[WhiteTeamCountry "CZE"]
[BlackTeamCountry "CZE"]

1. Nf3 d5 2. c4 e6 3. g3 Nf6 4. Bg2 c5 5. cxd5 Nxd5 6. 0-0 Be7 7. d4 Nc6 8. dxc5 Bxc5 9. a3 a5 10. e4 Nf6 11. Qc2 Bb6 12. Nc3 Qe7 13. h3 h6 14. Bd2 0-0 15. Rac1 Rd8 16. Rfe1 e5 17. Qb3 Bd4 18. Nd5 Qe6 19. Nxd4 Nxd4 20. Qc4 Ne8 21. Be3 Nc6 22. Red1 Rb8 23. Bb6 Rd7 24. Qc3 Ra8 25. Be3 Nc7 26. a4 Ne8 27. Rd2 Ne7 28. Bc5 Nc6 29. Rcd1 Rb8 30. Bb6 Ra8 31. Be3 Rb8 32. Bb6 Ra8 33. Qc5 Nd4 34. Rd3 Nc6 35. Kh2 f6 36. b3 Rf7 37. Qc4 Bd7 38. Bc5 Rb8 39. Bb6 Rc8 40. Bc5 Rb8 41. R3d2 g6 42. Bf1 Kg7 43. Nb6 Bc8 44. Nxc8 Qxc8 45. Qxf7+ Kxf7 46. Rd7+ Kg8 47. Bc4+ Kh8 48. Rf7 Nd4 49. Rf8+ Kg7 50. Rf7+ Kh8 51. Rf8+ Kh7 52. Bxd4 exd4 53. Rxd4 Qc5 54. Rd7+ Ng7 55. Rxb8 Qxf2+ 56. Kh1 Qf3+ 57. Kh2 Qf2+ 58. Kh1 1/2-1/2

[Event "CZE-chT2B 1415"]
[Site "Czech Republic"]
[Date "2014.11.02"]
[Round "1.3"]
[White "Ralis, Petr"]
[Black "Trejbal, Stanislav"]
[Result "1/2-1/2"]
[WhiteElo "2228"]
[BlackElo "2082"]
[PlyCount "76"]
[EventDate "2014.11.02"]
[EventType "team-tourn"]
[EventRounds "11"]
[EventCountry "CZE"]
[SourceTitle "EXT 2022"]
[Source "ChessBase"]
[SourceDate "2021.10.06"]
[SourceVersion "1"]
[SourceVersionDate "2021.10.06"]
[SourceQuality "1"]
[WhiteTeam "Teplice"]
[BlackTeam "Litomerice"]
[WhiteTeamCountry "CZE"]
[BlackTeamCountry "CZE"]

1. e4 e6 2. d3 d5 3. Nd2 Nf6 4. Ngf3 c5 5. g3 Nc6 6. Bg2 d4 7. 0-0 e5 8. Nc4 Qc7 9. a4 Bg4 10. h3 Bh5 11. g4 Bg6 12. Nh4 Nd7 13. a5 f6 14. Nxg6 hxg6 15. g5 Be7 16. gxf6 gxf6 17. Qg4 g5 18. c3 Nf8 19. Bf3 Qd7 20. Qxd7+ Nxd7 21. Bg4 Nf8 22. Bf5 Rd8 23. Rd1 Kf7 24. Ra3 Ne6 25. Rb3 Rb8 26. Kg2 Rh4 27. Bg4 Rhh8 28. Ra3 Rbd8 29. Kg3 Rh4 30. Rb3 Rb8 31. Rh1 Bf8 32. Ra3 Rd8 33. Rd1 Be7 34. Ra1 Rhh8 35. Bf5 Rh4 36. Ra3 Bf8 37. Rb3 Rb8 38. Rh1 Be7 1/2-1/2

[Event "CZE-chT2B 1314"]
[Site "Czech Republic"]
[Date "2014.02.02"]
[Round "7.2"]
[White "Trejbal, Stanislav"]
[Black "Jenicek, Emil"]
[Result "0-1"]
[WhiteElo "2111"]
[BlackElo "2132"]
[PlyCount "90"]
[EventDate "2013.11.03"]
[EventType "team-tourn"]
[EventRounds "11"]
[EventCountry "CZE"]
[SourceTitle "EXT 2015"]
[Source "ChessBase"]
[SourceDate "2014.11.20"]
[SourceVersion "1"]
[SourceVersionDate "2014.11.20"]
[SourceQuality "1"]
[WhiteTeam "Litomerice"]
[BlackTeam "Litvinov Lom"]
[WhiteTeamCountry "CZE"]
[BlackTeamCountry "CZE"]

1. e4 e5 2. c4 Nc6 3. Nc3 d6 4. d3 Nf6 5. f4 Nd4 6. h3 Be7 7. g3 g6 8. Bg2 Nh5 9. Nge2 Nxe2 10. Nxe2 exf4 11. Bxf4 Nxf4 12. Nxf4 c6 13. 0-0 Qb6+ 14. Rf2 Bf6 15. Kf1 Bd4 16. Rc2 0-0 17. h4 Be6 18. Bf3 Rae8 19. Kg2 Qd8 20. Ne2 Bb6 21. d4 f5 22. Qd3 Qf6 23. Rg1 fxe4 24. Bxe4 Qf2+ 25. Kh1 Bg4 26. c5 Rxe4 27. Nf4 Qf3+ 28. Kh2 Qxd3 29. Nxd3 Bc7 30. d5 cxd5 31. c6 bxc6 32. Rxc6 Re2+ 33. Rg2 Rxg2+ 34. Kxg2 Bf3+ 35. Kh3 Bb6 36. Nf4 Rf6 37. Rc8+ Kg7 38. Re8 h5 39. Re7+ Kf8 40. Rh7 d4 41. Rh8+ Ke7 42. Rh7+ Kd8 43. Kh2 Be4 44. Kg1 d3+ 45. Kf1 Be3 0-1

[Event "CZE-chT2A 1213"]
[Site "Czech Republic"]
[Date "2013.02.17"]
[Round "9.6"]
[White "Trejbal, Stanislav"]
[Black "Cap, Adam"]
[Result "1/2-1/2"]
[WhiteElo "2119"]
[BlackElo "2028"]
[PlyCount "58"]
[EventDate "2012.10.14"]
[EventType "team-tourn"]
[EventRounds "11"]
[EventCountry "CZE"]
[SourceTitle "EXT 2015"]
[Source "ChessBase"]
[SourceDate "2014.11.20"]
[SourceVersion "1"]
[SourceVersionDate "2014.11.20"]
[SourceQuality "1"]
[WhiteTeam "Teplice"]
[BlackTeam "Kladno"]
[WhiteTeamCountry "CZE"]
[BlackTeamCountry "CZE"]

1. e4 e5 2. Nf3 Nc6 3. Bc4 Nf6 4. d3 Be7 5. Nc3 d6 6. h3 0-0 7. 0-0 Be6 8. Bb3 Bxb3 9. axb3 d5 10. exd5 Nxd5 11. Bd2 Re8 12. Re1 Nxc3 13. Bxc3 Bf6 14. Qe2 g6 15. Qe4 Bg7 16. b4 a6 17. Qc4 Rb8 18. Re2 Qd7 19. Rae1 Re7 20. Nxe5 Bxe5 21. Bxe5 Rbe8 22. f4 b5 23. Qa2 Nxe5 24. fxe5 Rxe5 25. Rxe5 Rxe5 26. Rxe5 Qd4+ 27. Kf1 Qf4+ 28. Kg1 Qxe5 29. Qxa6 Qe1+ 1/2-1/2

[Event "CZE-chT2b 0607"]
[Site "Czech Republic"]
[Date "2007.03.11"]
[Round "9"]
[White "Spirin, Oleg"]
[Black "Trejbal, Stanislav"]
[Result "1-0"]
[WhiteElo "2356"]
[BlackElo "2139"]
[PlyCount "89"]
[EventDate "2006.10.15"]
[EventType "team"]
[EventRounds "11"]
[EventCountry "CZE"]
[SourceTitle "EXT 2009"]
[Source "ChessBase"]
[SourceDate "2008.11.26"]
[SourceVersion "1"]
[SourceVersionDate "2008.11.26"]
[SourceQuality "1"]

1. d4 Nf6 2. c4 e6 3. Nc3 Bb4 4. e3 b6 5. Nge2 Bb7 6. a3 Bxc3+ 7. Nxc3 Ne4 8. Nxe4 Bxe4 9. Qg4 Bg6 10. h4 h5 11. Qg3 Nc6 12. b4 Ne7 13. Bb2 d6 14. Be2 c6 15. Rc1 Rc8 16. Qf4 d5 17. 0-0 Qc7 18. Qxc7 Rxc7 19. cxd5 Nxd5 20. b5 cxb5 21. Bxb5+ Ke7 22. Ba6 Rd8 23. Rxc7+ Nxc7 24. Bb7 Nd5 25. Rc1 Rd7 26. Ba6 Rc7 27. Rxc7+ Nxc7 28. Be2 f6 29. f3 Be8 30. Kf2 g6 31. Bd3 Kf7 32. e4 Bc6 33. Ke3 Ke7 34. g4 Be8 35. Kf4 Bf7 36. g5 f5 37. Ke5 Be8 38. Bc2 Bf7 39. Bb3 Ne8 40. a4 Nc7 41. d5 exd5 42. exf5 gxf5 43. Ba3+ Kd7 44. Kxf5 Ne8 45. Ke5 1-0

[Event "CZE-chT2b 0607"]
[Site "Czech Republic"]
[Date "2007.02.25"]
[Round "8"]
[White "Nudcenko, Karel"]
[Black "Trejbal, Stanislav"]
[Result "0-1"]
[WhiteElo "2115"]
[BlackElo "2139"]
[PlyCount "88"]
[EventDate "2006.10.15"]
[EventType "team"]
[EventRounds "11"]
[EventCountry "CZE"]
[SourceTitle "EXT 2009"]
[Source "ChessBase"]
[SourceDate "2008.11.26"]
[SourceVersion "1"]
[SourceVersionDate "2008.11.26"]
[SourceQuality "1"]

1. e4 e6 2. d4 d5 3. e5 c5 4. c3 Nc6 5. Nf3 Qb6 6. Be2 Bd7 7. 0-0 Nge7 8. Na3 cxd4 9. cxd4 Nf5 10. Nc2 Nb4 11. Nxb4 Qxb4 12. a4 a5 13. b3 Qb6 14. g4 Ne7 15. Bd3 Nc6 16. Be3 Be7 17. Rc1 Ba3 18. Rb1 Be7 19. Rb2 Ba3 20. Ra2 Be7 21. Bb1 Nb4 22. Re2 h5 23. g5 g6 24. Nh4 Rg8 25. Ng2 0-0-0 26. h4 Kb8 27. Nf4 Rc8 28. Qd2 Na6 29. Qb2 Bb4 30. Bd2 Bxd2 31. Rxd2 Nb4 32. Ne2 Rc7 33. Kg2 Rgc8 34. Rh1 Be8 35. Rh3 Ka7 36. Rf3 Kb8 37. Rf6 Rd7 38. Nf4 Qc7 39. Ne2 Qc6 40. Rd1 Rdc7 41. Rh1 Qb6 42. Rh3 Nc2 43. Rf4 Qb4 44. Nc1 Ne1+ 0-1

[Event "CZE-chT2b 0607"]
[Site "Czech Republic"]
[Date "2007.02.11"]
[Round "7"]
[White "Dvorak, Stanislav"]
[Black "Trejbal, Stanislav"]
[Result "0-1"]
[WhiteElo "2015"]
[BlackElo "2139"]
[PlyCount "76"]
[EventDate "2006.10.15"]
[EventType "team"]
[EventRounds "11"]
[EventCountry "CZE"]
[SourceTitle "EXT 2009"]
[Source "ChessBase"]
[SourceDate "2008.11.26"]
[SourceVersion "1"]
[SourceVersionDate "2008.11.26"]
[SourceQuality "1"]

1. e4 e6 2. d3 d5 3. Nd2 Nf6 4. Ngf3 c5 5. g3 Nc6 6. Bg2 Be7 7. 0-0 0-0 8. Re1 Qc7 9. e5 Nd7 10. Qe2 b6 11. Nf1 Ba6 12. c3 Rad8 13. Bf4 Rfe8 14. h4 Nf8 15. h5 d4 16. c4 b5 17. b3 bxc4 18. bxc4 Rb8 19. Ng5 Rb6 20. Qg4 Nb4 21. Ne4 Reb8 22. Nf6+ Kh8 23. Bh6 g6 24. hxg6 fxg6 25. Rad1 Bb7 26. Bxb7 Qxb7 27. a3 Nc2 28. Re2 Nxa3 29. Ra2 Nb1 30. Ra5 Nc3 31. Rda1 a6 32. Bxf8 Rxf8 33. Qh4 Bxf6 34. exf6 e5 35. Qg5 Rbxf6 36. Qxe5 Qf3 37. Rxa6 Qxf2+ 38. Kh1 Ne2 0-1